Quiz sur les Pyrénées - Statistiques

Statistiques générales
  • Ce quiz a été pris 81 fois
  • Le résultat moyen est 11 sur 20
Statistiques - réponses
Question Réponse % Correct
Quel petit État est situé au cœur des Pyrénées ? Andorre
100%
Quel fleuve prend sa source dans les Pyrénées espagnoles et traverse Toulouse ? Garonne
94%
Quelle péninsule est séparée du reste de l’Europe par les Pyrénées ? Péninsule {Ibérique}
92%
Quelle ville est la capitale historique du Béarn et se situe au pied des Pyrénées ? Pau
88%
Quel pays historique occupe l’extrémité ouest des Pyrénées, de part et d’autre de la frontière franco-espagnole ? Pays basque
83%
Quelle ville française des Pyrénées est célèbre pour ses pèlerinages ? Lourdes
79%
Quel sommet des Pyrénées françaises abrite un célèbre observatoire astronomique ? Pic du Midi de Bigorre
73%
Quel cirque naturel des Pyrénées abrite l’une des plus hautes cascades de France ? Cirque de {Gavarnie}
67%
Quel est le plus haut sommet des Pyrénées ? Aneto
58%
Quel chevalier de Charlemagne est célèbre pour sa mort au col de Roncevaux dans les Pyrénées ? Roland
45%
Quel sentier de grande randonnée traverse les Pyrénées françaises d’ouest en est ? GR10
44%
Quel fromage de brebis est typique des Pyrénées françaises ? Ossau-Iraty
44%
Quel est le plus haut sommet des Pyrénées française ? Vignemale
42%
Quel terme désigne les cours d’eau prenant leurs sources dans les Pyrénées et se jetant dans l'Adour ? Gave
41%
Quelle ville pyrénéenne espagnole fut la capitale historique du royaume de Navarre ? Pampelune
41%
Quel sommet des Pyrénées orientales est également connu comme la “montagne sacrée des Catalans” ? Canigou
39%
Quelle île franco-espagnole a servi de lieu de signature pour le traité des Pyrénées en 1659 ? Île des {Faisans}
32%
Quelle commune espagnole est entièrement enclavée en France dans les Pyrénées ? Llívia
27%
Quel fleuve est alimenté par la majorité des cours d'eau des Pyrénées espagnoles ? Èbre
24%
Quel ancien royaume avait pour capitale Perpignan ? Royaume de Majorque
15%
Aucun quiz correspondant
Distribution des résultats
% des personnes avec chaque résultat
Percentile par nombre de réponses
Votre historique - résultats
Vous n’avez pas pris ce quiz